Stories from Panchtantra / (Record no. 30232)

MARC details
000 -LEADER
fixed length control field 00972nam a2200253 a 4500
005 - DATE AND TIME OF LATEST TRANSACTION
control field 20090909143113.0
008 - FIXED-LENGTH DATA ELEMENTS--GENERAL INFORMATION
fixed length control field 990210s1999 nyua j 000 1 eng
010 ## - LCCN (DPL NO)
LC control number B-357151
020 ## - INTERNATIONAL STANDARD BOOK NUMBER
Terms of availability 50.00
International Standard Book Number 9788189973360
035 ## - SYSTEM CONTROL NUMBER
System control number B-357151
037 ## - SOURCE OF ACQUISITION
Source of stock number/acquisition DBAD / PUB
040 ## - CATALOGING SOURCE
Original cataloging agency dpl
Language of cataloging English
082 ## - DEWEY DECIMAL CLASSIFICATION NUMBER
Classification number S
100 ## - MAIN ENTRY--PERSONAL NAME
Personal name Gupta, Mona
245 ## - TITLE STATEMENT
Title Stories from Panchtantra /
Statement of responsibility, etc by Mona Gupta
260 ## - PUBLICATION, DISTRIBUTION, ETC. (IMPRINT)
Place of publication, distribution, etc New Delhi
Name of publisher, distributor, etc Mind Melodies
Date of publication, distribution, etc 2008
270 ## - ADDRESS
Address A-18, Mohan Garden, Near Nawada Metro Station,
City New Delhi
Postal code 110059
300 ## - PHYSICAL DESCRIPTION
Extent 24p.:
Dimensions 25cm(pbk)
Other physical details col. ill
490 ## - SERIES STATEMENT
Series statement Selected stories for good living
520 ## - SUMMARY, ETC.
Summary, etc A little girl falls down a rabbit hole and discovers a world of nonsensical and amusing characters.
650 ## - SUBJECT ADDED ENTRY--TOPICAL TERM
Topical term or geographic name as entry element Children's stories, English
942 ## - ADDED ENTRY ELEMENTS (KOHA)
Source of classification or shelving scheme Dewey Decimal Classification
Item type Children Books
Classification part S
Call number suffix GUP
Holdings
Withdrawn status Lost status Source of classification or shelving scheme Damaged status Not for loan Collection code Home library Current library Date acquired Source of acquisition Cost, normal purchase price Total Checkouts Full call number Barcode Date last seen Copy number Cost, replacement price Koha item type
  Written-off vide DLB M. No. 383 dt 16.05.19 Dewey Decimal Classification     Fiction Janak Puri Janak Puri 09/09/2009 DBAD / PUB 50.00 28 S GUP B-357151 27/06/2018 1 50.00 Children Books

© Delhi Public Library
Hit Counter
free hit counter